000 00417nam a22001457a 4500
005 20260415113418.0
008 260415b |||||||| |||| 00| 0 eng d
020 _a978-81-265-5452-2
100 _aMilsom John and Eriksen Asger
245 _aField Geophysics
_c/John and Asger
250 _a4th ed
260 _aDaryaganj, New Delhi;
_bWiley India Pvt. Ltd;
_c2011
300 _axv,287p.ill;
_c21.4cm
942 _2ddc
_cBK
_n0
999 _c222
_d222